| 000 | 01023cam a2200229 4500 | ||
|---|---|---|---|
| 001 | sd 68000008 | ||
| 003 | DLC | ||
| 005 | 20260227112737.0 | ||
| 008 | 690630s1968 dcu 000 0 eng c | ||
| 010 | _asd 68000008 | ||
| 040 |
_aU.S. Dept. of State Lib. _cDLC _dDLC |
||
| 100 | 1 |
_aEvans, Allan, _d1903- |
|
| 245 | 1 | 0 |
_aResearch in action; _bthe Department of State's Bureau of Intelligence and Research. |
| 250 | _a[Rev. November 1968. | ||
| 260 |
_aWashington] _bDept. of State; [for sale by the Superintendent of Documents, U.S. Govt. Print. Off., _c1968] |
||
| 300 |
_a21 p. _c21 cm. |
||
| 490 | 1 | _aDept. of State publication 7964. Department and Foreign Service series, 133 | |
| 500 | _a"Reprinted with revisions from the Department of State bulletin of August 30, 1965." | ||
| 610 | 1 | 0 |
_aUnited States. _bDepartment of State. _bBureau of Intelligence and Research. |
| 830 | 0 |
_aDepartment of State publication ; _v7964. |
|
| 810 | 1 |
_aUnited States. _bDepartment of State. _tDepartment and Foreign Service series, _v133 |
|
| 999 |
_c90118 _d90118 |
||